100 Biggest Cities in Egypt (on a Map) - Statistics

General Stats
  • This quiz has been taken 566 times
  • The average score is 11 of 100
Answers on the Map
Answers color-coded by a green-red scale on the quiz's map according to % correct below.
 
Answer Stats
% Correct
9,801,536 Cairo
96%
5,362,517 Alexandria
94%
284,952 Luxor
73%
4,458,135 Giza
71%
716,458 Suez
67%
791,749 Port Said
65%
401,890 Aswān
61%
319,488 New Cairo
42%
214,247 Hurghada
37%
562,061 Asyut
35%
450,388 Ismaïlia
30%
597,694 Ṭanṭā
30%
312,863 Damietta
28%
264,498 Qena
24%
1,275,700 Shubra el-Kheima
17%
263,321 10th of Ramadan City
16%
278,425 Sohag
16%
294,125 Beni Suef
15%
632,330 El Mansoura
15%
460,501 Zagazig
15%
531,861 Fayoum
14%
193,293 Mersa Matruh
12%
130,270 Rosetta
12%
204,391 El Arish
11%
376,302 6th October City
10%
329,572 Damanhour
10%
87,482 Kharga
10%
84,140 Edfu
9%
123,066 Kom Ombo
9%
187,469 Banhā
8%
198,197 Kafr el-Sheikh
8%
614,202 Mahalla el-Kubra
8%
223,435 Mallawī
8%
102,697 Esna
7%
157,754 Girga
6%
160,831 Qalyūb
6%
88,261 Qūṣ
6%
140,087 Ṭahṭā
6%
298,021 Al-Minyā
5%
156,319 Mīt Ghamr
5%
97,848 Sheikh Zayed City
5%
157,938 Akhmīm
4%
502,864 Al-Khuṣūṣ
4%
198,167 Bilbeis
4%
152,077 Desouk
4%
183,479 Idkū
4%
277,991 Shibin el-Kom
4%
105,477 Ṭimā
4%
130,417 Minūf
3%
149,227 Samālūṭ
3%
118,843 Abnūb
2%
165,246 Abū Kabīr
2%
112,077 Abū Tīj
2%
121,675 Al-Fashn
2%
158,278 Al-Ḥawāmidiyah
2%
101,302 Al-Jamāliyah
2%
129,144 Ashmoun
2%
139,369 Belqas
2%
101,946 Bibā
2%
109,051 Dairut
2%
164,743 El Matareya
2%
126,088 El Senbellawein
2%
142,955 El Ubour
2%
125,112 Faqous
2%
140,448 Kirdāsah
2%
125,373 Manfalūṭ
2%
136,825 Sinnūris
2%
114,737 Ṭalkhā
2%
115,774 Ziftā
2%
83,981 Al-Khānkah
1%
101,238 Al-Qurayn
1%
105,891 Al-Qūṣiyah
1%
83,475 Armant
1%
93,759 Ash-Shurūq
1%
96,132 Awsīm
1%
92,724 Badrshein
1%
121,643 Beni Mazar
1%
90,729 Biyalā
1%
102,769 Dikirnis
1%
95,134 Fuwah
1%
80,045 Hihya
1%
85,964 Hosh Essa
1%
88,309 Ibsheway
1%
133,130 Kafr ad-Dawwār
1%
86,390 Kafr az-Zayyāt
1%
124,236 Maghāghah
1%
129,519 Manzala
1%
81,131 Mashtūl as-Sūq
1%
86,513 Matai
1%
106,216 Minyā al-Qamḥ
1%
146,917 Nāṣir Būsh
1%
91,130 Samannūd
1%
88,401 Abū an-Numrus
0%
94,855 Abu Qirqas
0%
95,064 Al-Manshāh
0%
85,958 Al-Qanāṭir al-Khayriyah
0%
86,606 Diyarb Najm
0%
80,377 Ityāy al-Bārūd
0%
83,805 Minyat an-Naṣr
0%
81,097 Sirs al-Layyānah
0%
No matching quizzes found
Score Distribution
Percent of People with Each Score
Percentile by Number Answered
Your Score History
You have not taken this quiz